Every City in Tennessee on a Map - Statistics

General Stats
  • This quiz has been taken 1,528 times
  • The average score is 41 of 345
Answers on the Map
Answers color-coded by a green-red scale on the quiz's map according to % correct below.
 
Answer Stats
City Population % Correct
Nashville 687,788
98%
Memphis 618,639
96%
Knoxville 198,162
91%
Chattanooga 187,030
87%
Clarksville 180,716
69%
Murfreesboro 165,430
69%
Jackson 68,264
63%
Franklin 88,558
62%
Johnson City 73,337
61%
Pigeon Forge 6,357
53%
Bristol 27,854
50%
Gatlinburg 3,701
49%
Kingsport 56,704
43%
Henderson 6,412
40%
Sevierville 18,102
39%
Cleveland 49,086
38%
Brentwood 45,265
37%
Cookeville 36,657
37%
Germantown 40,267
37%
Smyrna 57,418
37%
Hendersonville 63,618
36%
Columbia 47,445
35%
Lebanon 48,112
35%
Oak Ridge 33,397
33%
Gallatin 50,355
31%
Collierville 51,317
30%
Maryville 32,436
30%
Paris 10,343
29%
Springfield 19,494
29%
Bartlett 56,030
28%
Spring Hill 57,637
28%
Crossville 12,652
27%
Dyer 2,321
27%
Martin 11,000
27%
Mount Juliet 42,912
27%
Athens 14,731
26%
Lynchburg 6,748
26%
Manchester 13,272
26%
Dyersburg 15,968
25%
Union City 10,954
24%
Dickson 16,744
23%
Shelbyville 25,132
23%
McMinnville 13,790
22%
Morristown 32,099
22%
Tullahoma 21,001
22%
La Vergne 39,597
21%
Farragut 25,579
20%
Goodlettsville 17,429
20%
Kingston 6,218
20%
Pulaski 8,276
20%
White House 15,340
20%
Greeneville 15,776
19%
Nolensville 15,437
19%
Portland 13,578
19%
Soddy-Daisy 13,234
19%
Alcoa 13,349
18%
Dayton 7,362
18%
Jefferson City 8,761
18%
Lawrenceburg 11,990
18%
Lenoir City 11,754
18%
Adams 653
17%
Decatur 1,630
17%
Fayetteville 7,047
17%
Lexington 7,988
17%
Sparta 4,915
17%
Arlington 15,305
16%
Brownsville 9,386
16%
Clinton 10,337
16%
Loudon 6,652
16%
Newport 6,973
16%
Belle Meade 2,594
15%
Elizabethton 14,302
15%
Lewisburg 13,135
15%
Millington 11,467
15%
Sweetwater 6,628
15%
Winchester 9,978
15%
East Ridge 21,961
14%
Lafayette 5,839
14%
Milan 8,292
14%
Mountain City 2,463
14%
Savannah 7,311
14%
Ashland City 5,586
13%
Covington 8,568
13%
Jasper 3,621
13%
Smithville 5,392
13%
Benton 1,444
12%
Carthage 2,264
12%
Dover 1,875
12%
Erwin 5,989
12%
Fairview 10,240
12%
Hartsville 12,271
12%
Humboldt 7,840
12%
Jamestown 2,077
12%
Lookout Mountain 2,053
12%
Louisville 4,347
12%
Mount Pleasant 4,824
12%
Oakland 10,488
12%
Rocky Top 1,640
12%
Signal Mountain 8,916
12%
South Pittsburg 2,976
12%
Waverly 4,275
12%
Berry Hill 1,840
11%
Bolivar 5,136
11%
Camden 3,683
11%
Centerville 3,567
11%
Charleston 895
11%
Charlotte 1,708
11%
Collegedale 11,476
11%
Harriman 6,171
11%
Huntsville 1,735
11%
Lakeland 14,147
11%
Madisonville 5,318
11%
Ripley 7,626
11%
Selmer 4,482
11%
Tiptonville 3,437
11%
Trenton 4,092
11%
Dandridge 3,617
10%
Greenbrier 6,951
10%
Jonesborough 6,480
10%
Monteagle 1,403
10%
Oak Hill 4,457
10%
Red Bank 12,065
10%
Somerville 3,525
10%
Thompson's Station 8,580
10%
Unicoi 3,818
10%
Alamo 2,333
9%
Atoka 10,593
9%
Dunlap 5,804
9%
Halls 2,049
9%
Jellico 2,132
9%
La Follette 7,242
9%
McKenzie 5,586
9%
Millersville 6,299
9%
Obion 976
9%
Pikeville 1,880
9%
Rockwood 5,635
9%
Sneedville 1,349
9%
Tellico Plains 777
9%
Townsend 616
9%
Troy 1,417
9%
Watertown 1,605
9%
Waynesboro 2,319
9%
Alexandria 990
8%
Baxter 1,934
8%
Bean Station 3,071
8%
Cumberland Gap 311
8%
Dresden 2,953
8%
Ducktown 451
8%
Eagleville 942
8%
Gordonsville 1,380
8%
Hohenwald 3,892
8%
Huntingdon 4,504
8%
Kingston Springs 2,775
8%
Linden 1,093
8%
Livingston 4,040
8%
Maynardville 2,581
8%
Monterey 2,746
8%
Moscow 562
8%
Oneida 3,815
8%
Philadelphia 663
8%
Red Boiling Springs 1,214
8%
Rogersville 4,633
8%
Westmoreland 2,784
8%
Bell Buckle 420
7%
Brighton 2,881
7%
Celina 1,399
7%
Chapel Hill 1,854
7%
Erin 1,192
7%
Etowah 3,690
7%
Forest Hills 4,479
7%
Jacksboro 2,279
7%
Mason 1,354
7%
Munford 6,751
7%
Oliver Springs 3,398
7%
Pleasant View 5,488
7%
Ridgetop 2,134
7%
South Fulton 2,197
7%
Spencer 1,539
7%
Tazewell 2,354
7%
Wartburg 942
7%
Woodbury 2,849
7%
Adamsville 2,276
6%
Altamont 1,152
6%
Big Sandy 492
6%
Bruceton 1,503
6%
Burns 1,813
6%
Byrdstown 812
6%
Church Hill 7,232
6%
Coopertown 4,698
6%
Copperhill 451
6%
Crab Orchard 732
6%
Cross Plains 1,893
6%
Decaturville 805
6%
Englewood 1,553
6%
Greenback 1,194
6%
Greenfield 2,018
6%
Harrogate 4,403
6%
Henry 449
6%
Kenton 1,257
6%
Kimball 1,607
6%
Liberty 339
6%
Lobelville 968
6%
Medina 5,526
6%
Middleton 716
6%
Newbern 3,274
6%
Norris 1,620
6%
Orlinda 993
6%
Pegram 2,034
6%
Rockford 819
6%
Rossville 1,166
6%
Rutherford 1,141
6%
Rutledge 1,331
6%
Spring City 1,948
6%
Tracy City 1,435
6%
Vonore 1,666
6%
Whitwell 1,612
6%
Algood 4,117
5%
Ardmore 1,224
5%
Atwood 955
5%
Bells 2,475
5%
Blaine 2,139
5%
Bluff City 1,839
5%
Bradford 991
5%
Bulls Gap 765
5%
Calhoun 555
5%
Caryville 2,191
5%
Cedar Hill 300
5%
Clarksburg 383
5%
Clifton 2,257
5%
Cornersville 1,323
5%
Cumberland City 315
5%
Elkton 533
5%
Friendsville 912
5%
Gainesboro 967
5%
Gibson 372
5%
Gleason 1,359
5%
Grand Junction 338
5%
Henning 876
5%
Loretto 1,802
5%
Lynnville 312
5%
McEwen 1,717
5%
Mitchellville 158
5%
Morrison 771
5%
New Johnsonville 1,806
5%
New Market 1,383
5%
New Tazewell 2,803
5%
Niota 802
5%
Oakdale 201
5%
Parsons 2,112
5%
Petersburg 549
5%
Pittman Center 461
5%
Stanton 413
5%
Sunbright 540
5%
Tusculum 3,367
5%
Wartrace 666
5%
White Bluff 4,161
5%
White Pine 2,571
5%
Whiteville 4,561
5%
Yorkville 230
5%
Allardt 590
4%
Baileyton 457
4%
Beersheba Springs 451
4%
Braden 252
4%
Burlison 369
4%
Coalmont 811
4%
Collinwood 906
4%
Cowan 1,770
4%
Crump 925
4%
Decherd 2,444
4%
Doyle 526
4%
Estill Springs 2,270
4%
Ethridge 557
4%
Finger 275
4%
Friendship 615
4%
Gallaway 530
4%
Garland 285
4%
Gates 654
4%
Gilt Edge 474
4%
Graysville 1,496
4%
Gruetli-Laager 1,784
4%
Guys 419
4%
Hollow Rock 699
4%
Hornbeak 506
4%
Huntland 891
4%
La Grange 122
4%
Lakesite 1,938
4%
Luttrell 1,064
4%
Maury City 584
4%
Medon 191
4%
Michie 668
4%
Milledgeville 277
4%
Minor Hill 514
4%
Mosheim 2,544
4%
Mount Carmel 5,556
4%
New Hope 961
4%
Normandy 107
4%
Palmer 570
4%
Parker's Crossroads 283
4%
Piperton 2,689
4%
Puryear 708
4%
Ridgely 1,613
4%
Ridgeside 447
4%
Rives 246
4%
Saltillo 424
4%
Samburg 201
4%
Scotts Hill 885
4%
Sharon 926
4%
Slayden 178
4%
South Carthage 1,580
4%
St. Joseph 819
4%
Surgoinsville 1,913
4%
Tennessee Ridge 1,345
4%
Three Way 1,909
4%
Trezevant 806
4%
Vanleer 582
4%
Walden 1,979
4%
Williston 338
4%
Auburntown 281
3%
Baneberry 567
3%
Bethel Springs 749
3%
Centertown 314
3%
Cottage Grove 66
3%
Dowelltown 361
3%
Eastview 779
3%
Enville 186
3%
Gadsden 474
3%
Hickory Valley 80
3%
Hornsby 259
3%
McLemoresville 291
3%
Orme 85
3%
Parrottsville 224
3%
Plainview 2,175
3%
Pleasant Hill 548
3%
Powells Crossroads 1,282
3%
Ramer 328
3%
Sardis 416
3%
Saulsbury 113
3%
Silerton 97
3%
Stantonville 345
3%
Toone 269
3%
Trimble 535
3%
Watauga 360
3%
Winfield 1,004
3%
Woodland Mills 339
3%
Viola 110
2%
No matching quizzes found
Score Distribution
Percent of People with Each Score
Percentile by Number Answered
Your Score History
You have not taken this quiz